- Huonder, Anton,
Entry Nombre Personal
001 - NUMERO DE CONTROL
- campo de control: 52788
003 - IDENTIFICADOR DE NUMERO DE CONTROL
- campo de control: DLC
005 - FECHA Y HORA DE LA ÜLTIMA TRANSACCIÓN
- campo de control: 20240802110816.0
008 - DATOS DE LONGITUD FIJA
- campo de control de longitud fija: 871130n| acannaabn |a aaa c
010 ## - NÚMERO DE CONTROL DE LA BIBLIOTECA DEL CONGRESO
- Número de control LC: n 85365924
035 ## - NUMERO DE CONTROL
- Número de control: (OCoLC)oca01990234
040 ## - FUENTE DE CATALOGACIÓN
- Agencia original de catalogación: IU
- Lenguaje de catalogación: spa
- Agencia de transcripción: DLC
- Agencia que lo modifica: OCoLC
- Agencia que lo modifica: MX-MxUPN
100 1# - ENCABEZAMIENTO - NOMBRE PERSONAL
- Nombre personal: Huonder, Anton,
- Fechas asociadas con el nombre: 1858-1926
400 1# - VEÁSE - NOMBRE DE PERSONA
- Personal name: Huonder, Antin,
- Dates associated with a name: 1858-1926
400 1# - VEÁSE - NOMBRE DE PERSONA
- Personal name: Huonder, Antonio,
- Dates associated with a name: 1858-1926
670 ## - FUENTE EN LA QUE SE LOCALIZARON DATOS
- Cita de la fuente: His Prysi︠a︡ha vatazhka huroniv, 1929:
- Información localizada: portada (Antin Huonder)
670 ## - FUENTE EN LA QUE SE LOCALIZARON DATOS
- Cita de la fuente: National Union Catalog, 7-23-87
- Información localizada: (Huonder, Anton, 1858- )
670 ## - FUENTE EN LA QUE SE LOCALIZARON DATOS
- Cita de la fuente: Neue Deut. Biog.
- Información localizada: (Huonder, Anton; b. Chur, Switzerland, 12/15/1858, Jesuit, d. 8/23/1926)
670 ## - FUENTE EN LA QUE SE LOCALIZARON DATOS
- Cita de la fuente: Dos rosas, 1912:
- Información localizada: portada (Antonio Huonder)
902 ## - CATALOGADOR
- Catalogador: Víctor Ruiz/020824
